000 00660nam a2200229Ia 4500
003 0100
005 20141004020004.0
008 130303s9999 xx 000 0 und d
020 _a8877610468
040 _cARRUPELIB
050 _aQB82.V32V385131991
100 _aMaffeo, Sabino
_98204
245 _aIn the service of nine popes = Nove papi, una mission
245 _b100 years of the Vatican Obervatory
260 _aVatican City, Pontificia Academia Scientiarum
260 _bSpecola vaticana
300 _a241p.
300 _b 24cm.
650 _aSpecola vaticana--History
_98205
700 _aSabino Maffeo
_98206
942 _2lcc
_cMONOGRAPH
_03
999 _c7462
_d7462